Allergy
This comprehensive, clinically oriented full-color resource offers you a wealth of detailed information on the diagnosis, treatment, and management of allergic diseases-from asthma to urticaria. Thoroughly updated to reflect today's knowledge, this 3rd Edition features all of the latest develop...
Saved in:
| Main Author: | |
|---|---|
| Format: | Book |
| Language: | Undetermined |
| Published: |
London
Mosby
2001
|
| Subjects: | |
| Tags: |
Add Tag
No Tags, Be the first to tag this record!
|
| Institutions: | Trung tâm Học liệu Trường Đại học Cần Thơ |
|---|
| LEADER | 00951nam a2200205Ia 4500 | ||
|---|---|---|---|
| 001 | CTU_152339 | ||
| 008 | 210402s9999 xx 000 0 und d | ||
| 020 | |c 126.07 | ||
| 082 | |a 616.97 | ||
| 082 | |b H731 | ||
| 100 | |a Holgate, Stephen T | ||
| 245 | 0 | |a Allergy | |
| 245 | 0 | |c Stephen T. Holgate, Martin K. Church, Lawrence M. Lichtenstein | |
| 260 | |a London | ||
| 260 | |b Mosby | ||
| 260 | |c 2001 | ||
| 520 | |a This comprehensive, clinically oriented full-color resource offers you a wealth of detailed information on the diagnosis, treatment, and management of allergic diseases-from asthma to urticaria. Thoroughly updated to reflect today's knowledge, this 3rd Edition features all of the latest developments in allergy and immunology. Plus, a consistent, logical organization puts vital information at your fingertips. | ||
| 650 | |a Allergy,Dị ứng | ||
| 904 | |i Hương Sen | ||
| 980 | |a Trung tâm Học liệu Trường Đại học Cần Thơ | ||